Les prénoms des peintres célèbres - 2 - Statistiques

Statistiques générales
  • Ce quiz a été pris 364 fois
  • Le résultat moyen est 10 sur 20
Statistiques - réponses
Hint Réponse % Correct
Dali Salvador
95%
Delacroix Eugène
91%
Gauguin Paul
84%
Goya Francisco
72%
Degas Edgar
62%
David Jacques Louis
62%
Dürer Albrecht
56%
Géricault Théodore
54%
Ernst Max
49%
Hopper Edward
47%
Holbein Hans
39%
Fragonard Jean-Honoré
39%
Hals Frans
35%
Dufy Raoul
35%
Derain André
34%
Dubuffet Jean
34%
Ensor James
29%
Gros Antoine
28%
Gainsborough Thomas
22%
Grünewald Matthias
21%
Aucun quiz correspondant
Distribution des résultats
% des personnes avec chaque résultat
Percentile par nombre de réponses
Votre historique - résultats
Vous n’avez pas pris ce quiz